| 000 | 00875pam a2200277 a 4500 | ||
|---|---|---|---|
| 999 |
_c234816 _d234816 |
||
| 001 | 917311 | ||
| 003 | Nust | ||
| 005 | 20170330194201.0 | ||
| 008 | 830318t19831982nyu 000 1 eng | ||
| 010 | _a 82045885 | ||
| 020 |
_a9780330280105 _c$17.95 |
||
| 040 |
_aDLC _cDLC _dDLC |
||
| 050 | 0 | 0 |
_aPR9405.9.S5 _bA8 1983 |
| 082 | 0 | 0 |
_a823 _bSMI |
| 100 | 1 | _aSmith, Wilbur A. | |
| 245 | 1 | 4 |
_aThe angels weep / _cWilbur Smith. |
| 260 |
_aGarden City, N.Y. : _bDoubleday, _c1982. |
||
| 300 |
_a662 p. ; _c25 cm. |
||
| 650 | 0 |
_aWomen physicians _vFiction. |
|
| 650 | 0 |
_aNdebele (African people) _vFiction. |
|
| 650 | 0 |
_aTerrorism _vFiction. |
|
| 651 | 0 |
_aZimbabwe _vFiction. |
|
| 655 | 7 |
_aHistorical fiction. _2gsafd |
|
| 655 | 7 |
_aDomestic fiction. _2lcsh |
|
| 906 |
_a7 _bcbc _corignew _d1 _eocip _f19 _gy-gencatlg |
||
| 942 |
_2ddc _cBK |
||